000 00491nam a2200169Ia 4500
008 240729s9999 xx 000 0 und d
022 _a2949-7612
245 0 _aMayo Clinic Proceedings: Digital Health
260 _aUnited States
260 _bElsevier
650 _a Computer applications to medicine. Medical informatics
650 _a Medicine (General)
650 _aMedicine
856 _uhttps://doaj.org/toc/813c881624c64e1692ad4c1be7bd589f
942 _2ddc
942 _cDOAJEJ
999 _c67935
_d67935
945 _a1
_bMadushi Gamage
_c1
_dMadushi Gamage